000 00417nam a2200169Ia 4500
001 20830
003 IN-NITTTR
005 20251114233238.0
008 251113s9999||||xx |||||||||||||| ||eng||
040 _beng
040 _cIN-NITTTR
041 _aeng
082 _a158.3 L252P
100 _aLang, Gerrit
245 0 _aPersonal conversations :
_b roles and skills for counsellors /
_cLang, Gerrit
942 _2ddc
_cBK
999 _c23460
_d23460